000
00350nam a2200133 a 4500
005
20140414093838.0
008
030923s19uu xx 00 eng d
050
_a
VCD 791.43
_b
LOR 2002
245
_a
The Lord of the Ring :
_b
the fellowship of the ring.
500
_a
(disc 1, 2, 3)
650
_a
Motion picture.
942
_c
AVM
999
_c
109118
_d
109118